000
00225nam a22000857a 4500
008
161018b xxu||||| |||| 00| 0 eng d
100
_9
887
_a
Bhatia.K.
245
_a
Expression in Art
260
_a
New Delhi
_b
Navdeep Publications
_c
2008
999
_c
3540
_d
3540